Statistics for Capital Cities Letter Scramble

Click here to take the quiz!

General Stats

  • This quiz has been taken 23 times
  • The average score is 11 of 15

Answer Stats

Scrambled NameAnswer% Correct
BENUOS AIESRBuenos Aires
100%
RSWAAWWarsaw
89%
SKIGNTONKingston
84%
SASUANNassau
84%
TAWAOTOttawa
84%
SJKEOPSkopje
79%
RETUBIBeirut
74%
GYOPYGANNPyongyang
74%
SAJAVERSarajevo
63%
SATNAAAstana
58%
NASUNOICAsuncion
58%
SILIABARBrasilia
58%
KAGBAKNBangkok
53%
SICHAUINChisinau
53%
BAUAALTRANUlaanbaatar
53%

Score Distribution

Percentile by Number Answered

Percent of People with Each Score

Your Score History

You have not taken this quiz